|
|
|
|
| LEADER |
00000nam a2200000Ii 4500 |
| 001 |
DIGEDUNAV0357 |
| 003 |
NyNyDIG |
| 006 |
m o d |
| 007 |
cr ||||||||||| |
| 008 |
220607s2014 sp ob 000 0 spa d |
| 035 |
|
|
|a (OCoLC)1333701086
|
| 040 |
|
|
|a DGITA
|b eng
|e rda
|e pn
|c DGITA
|
| 020 |
|
|
|z 9788431330071
|
| 043 |
|
|
|a e-sp---
|
| 050 |
1 |
4 |
|a GV1108.5 ebook
|
| 082 |
0 |
4 |
|a 791
|
| 245 |
0 |
3 |
|a La fiesta nacional de toros.
|n Tomo V,
|p Recopilación de las obras ganadoras del Premio Literario-Taurino Doctor Zúmel, años 2010 a 2013 /
|c David Shohet Elías (coord.)
|
| 246 |
3 |
0 |
|a Recopilación de las obras ganadoras del Premio Literario-Taurino Doctor Zúmel, años 2010 a 2013
|
| 264 |
|
1 |
|a Pamplona, España :
|b EUNSA, Ediciones Universidad de Navarra,
|c [2014]
|
| 300 |
|
|
|a 1 online resource.
|
| 336 |
|
|
|a text
|b txt
|2 rdacontent
|
| 337 |
|
|
|a computer
|b c
|2 rdamedia
|
| 338 |
|
|
|a online resource
|b cr
|2 rdacarrier
|
| 347 |
|
|
|a text file
|2 rdaft
|
| 347 |
|
|
|b PDF
|
| 504 |
|
|
|a Includes bibliographical references.
|
| 588 |
0 |
|
|a Online resource; title from PDF title page (Digitalia, viewed June 7, 2022)
|
| 650 |
|
0 |
|a Bullfights
|z Spain.
|
| 655 |
|
0 |
|a Electronic books.
|
| 700 |
1 |
|
|a Shohet Elías, David,
|e editor.
|
| 791 |
2 |
|
|a Digitalia (Firm),
|e distributor.
|
| 793 |
0 |
|
|g Digitalia eBook Collection:
|a Ediciones Universidad de Navarra
|
| 776 |
0 |
8 |
|i Print version:
|t Fiesta nacional de toros.
|b Primera edición.
|d Pamplona, España : EUNSA, Ediciones Universidad de Navarra, [2014]
|z 9788431330071
|
| 856 |
4 |
0 |
|3 Digitalia Hispánica
|u https://www.digitaliapublishing.com/a/51367/
|
| 910 |
|
|
|a Premium collection: 2022
|